Estatísticas para Cultura Geral

Clique aqui para jogar o quiz

Estatísticas Gerais

  • Esse quiz foi jogado 15 vezes
  • A pontuação média é 7 de 15

Estatísticas das Respostas

HintResposta% Correto
Qual é o animal sagrado da Índia?Vaca
93%
Qual é a maior cidade da Catalunha?Barcelona
86%
Qual é o ponto turístico mais conhecido da Índia?Taj Mahal
86%
Que animal mitológico é frequentemente usado para representar a China?Dragão
79%
Como se chama a indústria cinematográfica indiana?Bollywood
71%
Das quatro pedras "preciosas" tradicionais, qual é a verde?Esmeralda
71%
Que ex-colónia portuguesa retornou à China em 1999?Macau
50%
Qual é a montanha mais alta da China?Everest
29%
Existem doze animais no zodíaco chinês. Qual deles vem primeiro?Rato
29%
Que movimento artístico começou com Salvador Dalí?Surrealismo
29%
Qual é o nome do complexo onde o imperador da China viveu?Cidade Proibida
14%
Qual é o nome do fantasma amigável?Casper
7%
Que região votou para não se tornar um país independente em 2014?Escócia
7%
Em que cidade fica o principal porto ucraniano?Odessa
7%
Qual é o animal nacional da China?Panda Gigante
0%

Distribuição das Pontuações

Percentil de Números Respondidos

Porcentagem de Pessoas com Cada Pontuação

Sua Pontuação Histórica

Você não jogou esse quiz